Angielski 1, M-O - Statystyki

Ogólne statystyki
  • Ten quiz został rozwiązany 16 razy
  • Średni wynik to 7 z 16
Statystyki odpowiedzi
Hint Odpowiedź % Poprawnych
znak, oznaczyć, ocena mark
78%
najbardziej, najwięcej most
78%
rynek, targ market
67%
proponować, oferta offer
67%
sposób, środek, środki means
56%
mierzyć, miara measure
56%
oznaczało meant
44%
rozkaz, zamówienie, kolejność, porządek order
44%
niemal, prawie nearly
33%
ani jeden ani drugi, żaden neither
33%
ani (spójnik) nor
33%
naprzeciwko, przeciwieństwo opposite
33%
wąski, ograniczony, ciasny narrow
22%
zauważyć, zawiadomienie, wiadomość notice
22%
sprawa, problem, mieć znaczenie matter
11%
niezbędny, forsa necessary
11%
Nie znaleziono quizów pasujących do podanych kryteriów
Rozkład punktacji
Procent ludzi z każdym wynikiem
Percentyl według liczby udzielonych odpowiedzi
Twoja historia wyników
Nie rozwiązałeś tego quizu